[Event "ARG-ch U18 Girls"]
[Site "Ibague"]
[Date "2024.03.17"]
[Round "7"]
[White "Remolina Garcia, Mayra Xiomara"]
[Black "Martinez,Isabela, Isabela"]
[Result "1-0"]
[WhiteElo "1757"]
[BlackElo "1638"]
[PlyCount "59"]
[EventDate "2024.03.14"]
[EventType "swiss"]
[EventRounds "7"]
[EventCountry "COL"]
[SourceTitle "CB12_2024"]
[SourceDate "2023.10.01"]
[SourceVersion "1"]
[SourceVersionDate "2023.10.01"]
[SourceQuality "1"]

1. d4 d5 2. Bf4 c5 3. e3 Nc6 4. Nf3 Nf6 5. Nbd2 c4 6. c3 Bg4 7. Be2 e6 8. h3 Bh5 9. 0-0 Bd6 10. Bxd6 Qxd6 11. b3 b5 12. a4 Ne4 13. Nxe4 dxe4 14. Nd2 Bxe2 15. Qxe2 cxb3 16. axb5 b2 17. Ra6 0-0 18. Rxc6 Qa3 19. Ra6 Qxc3 20. Nxe4 Qc1 21. Qd3 Rfc8 22. Nc5 Rd8 23. Qb1 Qd2 24. Ra2 Qb4 25. Qxb2 Qc4 26. Qb3 Qxb3 27. Nxb3 Rdc8 28. Nc5 Kf8 29. Rfa1 Ke8 30. b6 1-0

[Event "ARG-ch U18 Girls"]
[Site "Ibague"]
[Date "2024.03.15"]
[Round "3"]
[White "Cardona, Marisol"]
[Black "Martinez,Isabela, Isabela"]
[Result "1-0"]
[WhiteElo "1542"]
[BlackElo "1638"]
[PlyCount "67"]
[EventDate "2024.03.14"]
[EventType "swiss"]
[EventRounds "7"]
[EventCountry "COL"]
[SourceTitle "CB12_2024"]
[SourceDate "2023.10.01"]
[SourceVersion "1"]
[SourceVersionDate "2023.10.01"]
[SourceQuality "1"]

1. d4 d5 2. c4 e6 3. cxd5 exd5 4. Nc3 Nf6 5. Bg5 Be7 6. e3 Nbd7 7. Bd3 b6 8. Nf3 Bb7 9. 0-0 0-0 10. Qc2 c5 11. b3 Rc8 12. Bf5 h6 13. Bh4 cxd4 14. Bxf6 Rxc3 15. Bxe7 Qxe7 16. Qd2 Nf6 17. exd4 Rc7 18. Rfe1 Qd6 19. Rac1 Ne4 20. Qe3 Re7 21. Ne5 Rfe8 22. f3 Nf6 23. Qd2 Rc7 24. g4 Rxc1 25. Rxc1 a5 26. g5 hxg5 27. Qxg5 Qb4 28. Kh1 Qxd4 29. Rg1 Nh5 30. Bh7+ Kh8 31. Nxf7+ Kxh7 32. Qg6+ Kg8 33. Nh6+ Kf8 34. Qf7# 1-0